Países do Mundo - Sem Mapa - Statistics

Estatísticas Gerais
  • Esse quiz foi jogado 111 vezes
  • A pontuação média é 129 de 196
Estatísticas das Respostas
Resposta % Correto
Brasil
88%
Argentina
81%
Guiana
81%
Chile
79%
Paraguai
79%
Suriname
79%
Uruguai
79%
Venezuela
79%
Canadá
77%
Colômbia
77%
Cuba
77%
Equador
77%
Estados Unidos
77%
Peru
77%
Costa Rica
75%
Espanha
75%
França
75%
Portugal
75%
Rússia
75%
Argélia
74%
Bolívia
74%
China
74%
México
74%
Nicarágua
74%
Reino Unido
74%
Austrália
72%
Coreia do Norte
72%
Coreia do Sul
72%
Guiné
72%
Jamaica
72%
Japão
72%
Panamá
72%
Afeganistão
70%
África do Sul
70%
Alemanha
70%
Croácia
70%
Etiópia
70%
Fiji
70%
Finlândia
70%
Honduras
70%
Índia
70%
Indonésia
70%
Mongólia
70%
República Dominicana
70%
Albânia
68%
Arábia Saudita
68%
Azerbaijão
68%
Bahamas
68%
Belize
68%
Egito
68%
El Salvador
68%
Filipinas
68%
Guiné Bissau
68%
Guiné Equatorial
68%
Irã
68%
Líbia
68%
Mali
68%
Marrocos
68%
Noruega
68%
Nova Zelândia
68%
Quênia
68%
Quirguistão
68%
Romênia
68%
Ruanda
68%
Singapura
68%
Suíça
68%
Tunísia
68%
Turquia
68%
Uganda
68%
Angola
67%
Bangladesh
67%
Barbados
67%
Bélgica
67%
Bielorrússia
67%
Bulgária
67%
Camarões
67%
Dinamarca
67%
Emirados Árabes Unidos
67%
Guatemala
67%
Irlanda
67%
Itália
67%
Laos
67%
Namíbia
67%
Palau
67%
Paquistão
67%
Polônia
67%
Samoa
67%
Somália
67%
Suécia
67%
Tailândia
67%
Uzbequistão
67%
Armênia
65%
Áustria
65%
Birmania
65%
Bósnia e Herzegovina
65%
Butão
65%
Chipre
65%
Costa do Marfim
65%
Eritreia
65%
Eslováquia
65%
Eslovênia
65%
Hungria
65%
Iémen
65%
Iraque
65%
Jordânia
65%
Kosovo
65%
Lituânia
65%
Malásia
65%
Maláwi
65%
Maurício
65%
Moçambique
65%
Omã
65%
Papua Nova Guiné
65%
República Democrática do Congo
65%
República do Congo
65%
República Tcheca
65%
São Vicente e Granadinas
65%
Senegal
65%
Serra Leoa
65%
Sérvia
65%
Sri Lanka
65%
Sudão
65%
Sudão do Sul
65%
Tajiquistão
65%
Andorra
63%
Antígua e Barbuda
63%
Burkina Faso
63%
Djibouti
63%
Estônia
63%
Gâmbia
63%
Gana
63%
Geórgia
63%
Granada
63%
Grécia
63%
Haiti
63%
Islândia
63%
Israel
63%
Liechtenstein
63%
Macedônia do Norte
63%
Malta
63%
Mauritânia
63%
Níger
63%
Nigéria
63%
Paises baixos
63%
Taiwan
63%
Ucrânia
63%
Vaticano
63%
Vietnã
63%
Zâmbia
63%
Benim
61%
Botswana
61%
Cabo Verde
61%
Camboja
61%
Catar
61%
Cazaquistão
61%
Kiribati
61%
Lesoto
61%
Líbano
61%
Luxemburgo
61%
Moldávia
61%
Nepal
61%
República Centro Africana
61%
San marino
61%
São Cristóvão e Névis
61%
Turcomenistão
61%
bahrein
60%
Brunei
60%
Essuatini
60%
Letônia
60%
Libéria
60%
Madagáscar
60%
Montenegro
60%
Nauru
60%
Santa Lucia
60%
São Tomé e Príncipe
60%
Togo
60%
Vanuatu
60%
Chade
58%
Comores
58%
Estados Federados da Micronésia
58%
Gabão
58%
Kuwait
58%
Maldivas
58%
Mônaco
58%
Síria
58%
Tuvalu
58%
Zimbábue
58%
Burundi
56%
Dominica
56%
Ilhas Salomão
56%
Tanzânia
56%
Timor Leste
56%
Tonga
56%
Ilhas Marshall
53%
Seycheles
53%
Trindad
46%
Nenhum quiz correspondente encontrado
Distribuição das Pontuações
Porcentagem de Pessoas com Cada Pontuação
Percentil de Números Respondidos
Sua Pontuação Histórica
Você não jogou esse quiz